Statistiques concernant Tous les adversaires du PSG en coupe d'Europe

Cliquez ici pour prendre le quiz!

Statistiques générales

  • Ce quiz a été pris 358 fois
  • Le résultat moyen est 67 sur 134

Statistiques - réponses

SaisonCompétitionTourClubScore(s)% Correct
2021/2022Ligue des Champions1/8Real Madrid1-0 et 1-3
99%
1992/1993Coupe UEFA1/4Real Madrid1-3 et 4-1
99%
2019/2020Ligue des ChampionsPhase de groupesReal Madrid3-0 et 2-2
99%
2015/2016Ligue des ChampionsPhase de groupesReal Madrid0-0 et 0-1
99%
1993/1994Coupe des coupes1/4Real Madrid1-0 et 1-1
99%
2017/2018Ligue des Champions1/8Real Madrid1-3 et 1-2
99%
2016/2017Ligue des Champions1/8FC Barcelone4-0 et 1-6
98%
2020/2021Ligue des Champions1/8FC Barcelone1-1 et 4-1
98%
2014/2015Ligue des Champions1/4FC Barcelone1-3 et 0-2
98%
2014/2015Ligue des ChampionsPhase de groupesFC Barcelone3-2 et 1-3
98%
2012/2013Ligue des Champions1/4FC Barcelone2-2 et 1-1
98%
2020/2021Ligue des Champions1/4Bayern Munich0-1 et 3-2
97%
2017/2018Ligue des ChampionsPhase de groupesBayern Munich3-0 et 1-3
97%
1994/1995Ligue des ChampionsPhase de groupesBayern Munich2-0 et 1-0
97%
2000/2001Ligue des Champions1ère phase de groupesBayern Munich1-0 et 0-2
97%
2019/2020Ligue des ChampionsFinaleBayern Munich0-1
97%
1997/1998Ligue des ChampionsPhase de groupesBayern Munich1-5 et 3-1
97%
1994/1995Ligue des Champions1/4FC Barcelone1-1 et 2-1
97%
1996/1997Coupe des coupesFinaleFC Barcelone0-1
97%
2021/2022Ligue des ChampionsPhase de groupesManchester City2-0 et 1-2
97%
2008/2009Coupe UEFAPhase de groupesManchester City0-0
97%
2015/2016Ligue des Champions1/4Manchester City2-2 et 0-1
97%
2020/2021Ligue des Champions1/2Manchester City1-2 et 0-2
97%
2018/2019Ligue des Champions1/8Manchester United2-0 et 1-3
95%
2020/2021Ligue des ChampionsPhase de groupesManchester United1-2 et 3-1
95%
2019/2020Ligue des Champions1/8Borussia Dortmund1-2 et 2-0
93%
2010/2011Ligue EuropaPhase de groupesBorussia Dortmund1-1 et 0-0
93%
2014/2015Ligue des Champions1/8Chelsea1-1 et 2-2
93%
2013/2014Ligue des Champions1/4Chelsea3-1 et 0-2
93%
2015/2016Ligue des Champions1/8Chelsea2-1 et 2-1
93%
2004/2005Ligue des ChampionsPhase de groupesChelsea0-3 et 0-0
93%
1996/1997Coupe des coupes1/2Liverpool3-0 et 0-2
88%
2018/2019Ligue des ChampionsPhase de groupesLiverpool2-3 et 2-1
88%
1996/1997Supercoupe d'EuropeFinaleJuventus1-6 et 1-3
86%
1992/1993Coupe UEFA1/2Juventus1-2 et 0-1
86%
1983/1984Coupe des coupes1/8Juventus2-2 et 0-0
86%
1989/1990Coupe UEFA1/16Juventus0-1 et 1-2
86%
1994/1995Ligue des Champions1/2AC Milan0-1 et 0-2
84%
2020/2021Ligue des ChampionsPhase de groupesRB Leipzig1-2 et 1-0
84%
2021/2022Ligue des ChampionsPhase de groupesRB Leipzig3-2 et 2-2
84%
2019/2020Ligue des Champions1/2RB Leipzig3-0
84%
1993/1994Coupe des coupes1/2Arsenal1-1 et 0-1
78%
2016/2017Ligue des ChampionsPhase de groupesArsenal1-1 et 2-2
78%
1992/1993Coupe UEFA1/16Napoli2-0 et 0-0
78%
2018/2019Ligue des ChampionsPhase de groupesNapoli2-2 et 1-1
78%
2019/2020Ligue des Champions1/4Atalanta Bergame2-1
75%
2021/2022Ligue des ChampionsPhase de groupesClub Bruges1-1 et 4-1
74%
2019/2020Ligue des ChampionsPhase de groupesClub Bruges5-0 et 1-0
74%
2010/2011Ligue Europa1/8Benfica1-2 et 1-1
72%
2013/2014Ligue des ChampionsPhase de groupesBenfica3-0 et 1-2
72%
2006/2007Coupe UEFA1/8Benfica2-1 et 1-3
72%
2012/2013Ligue des ChampionsPhase de groupesFC Porto0-1 et 2-1
69%
2004/2005Ligue des ChampionsPhase de groupesFC Porto2-0 et 0-0
69%
2014/2015Ligue des ChampionsPhase de groupesAjax Amsterdam1-1 et 3-1
68%
1995/1996Coupe des coupes1/8Celtic1-0 et 3-0
68%
2017/2018Ligue des ChampionsPhase de groupesCeltic Glasgow5-0 et 7-1
68%
2013/2014Ligue des ChampionsPhase de groupesAnderlecht5-0 et 1-1
64%
2017/2018Ligue des ChampionsPhase de groupesAnderlecht4-0 et 5-0
64%
1992/1993Coupe UEFA1/8Anderlecht0-0 et 1-1
64%
2010/2011Ligue EuropaPhase de groupesFC Séville1-0 et 4-2
60%
1996/1997Coupe des coupes1/8Galatasaray2-4 et 4-0
60%
2019/2020Ligue des ChampionsPhase de groupesGalatasaray1-0 et 5-0
60%
2000/2001Ligue des Champions2ème phase de groupesGalatasaray0-1 et 2-0
60%
2018/2019Ligue des ChampionsPhase de groupesEtoile rouge Belgrade6-1 et 4-1
59%
2012/2013Ligue des Champions1/8Valence CF2-1 et 1-1
55%
2000/2001Ligue des Champions2ème phase de groupesMilan AC1-1 et 1-1
52%
2013/2014Ligue des Champions1/8Bayer Leverkusen4-0 et 2-1
50%
2020/2021Ligue des ChampionsPhase de groupesIstanbul Basaksehir2-0 et 5-1
44%
2001/2002Coupe UEFA2ème tourRapid Vienne4-0 et 2-2
40%
1995/1996Coupe des coupesFinaleRapid Vienne1-0
40%
2004/2005Ligue des ChampionsPhase de groupesCSKA Moscou0-2 et 1-3
39%
2015/2016Ligue des ChampionsPhase de groupesMalmö FF2-0 et 5-0
38%
2016/2017Ligue des ChampionsPhase de groupesFC Bâle3-0 et 2-1
37%
2001/2002Coupe UEFA1/16Rangers0-0 et 0-0
36%
1994/1995Ligue des ChampionsPhase de groupesDynamo Kiev2-1 et 1-0
35%
2012/2013Ligue des ChampionsPhase de groupesDynamo Kiev4-1 et 2-0
35%
2008/2009Coupe UEFA1/4Dynamo Kiev0-0 et 0-3
35%
1994/1995Ligue des ChampionsPhase de groupesSpartak Moscou4-1 et 2-1
29%
2016/2017Ligue des ChampionsPhase de groupesLudogorets Razgrad3-1 et 2-2
28%
2013/2014Ligue des ChampionsPhase de groupesOlympiakos4-1 et 2-1
28%
1997/1998Ligue des ChampionsTour préliminaireSteaua Bucarest0-3 et 5-0
28%
1997/1998Ligue des ChampionsPhase de groupesBesiktas1-3 et 2-1
27%
2014/2015Ligue des ChampionsPhase de groupesAPOEL Nicosie1-0 et 1-0
26%
1993/1994Coupe des coupes1/16APOEL Nicosie1-0 et 2-0
26%
2011/2012Ligue EuropaPhase de groupesAthletic Bilbao0-2 et 4-2
26%
2008/2009Coupe UEFAPhase de groupesSchalke 041-3
26%
1998/1999Coupe des coupes1/16Maccabi Haïfa1-1 et 2-3
24%
2012/2013Ligue des ChampionsPhase de groupesDinamo Zagreb2-0 et 4-0
23%
2000/2001Ligue des Champions2ème phase de groupesLa Corogne1-3 et 3-4
23%
1995/1996Coupe des coupes1/2La Corogne1-0 et 1-0
23%
2008/2009Coupe UEFA1/8Sporting Braga0-0 et 1-0
23%
2006/2007Coupe UEFA1/16AEK Athènes2-0 et 2-0
21%
1996/1997Coupe des coupes1/4AEK Athènes0-0 et 3-0
21%
1995/1996Coupe des coupes1/4Parme0-1 et 3-1
21%
2008/2009Coupe UEFA1/16Wolfsbourg2-0 et 3-1
21%
2015/2016Ligue des ChampionsPhase de groupesChakhtar Donetsk3-0 et 2-0
20%
2008/2009Coupe UEFAPhase de groupesFC Twente4-0
20%
2010/2011Ligue EuropaBarragesMaccabi Tel-Aviv2-0 et 3-4
18%
2001/2002Coupe UEFA1er tourRapid Bucarest0-0 et 3-0
18%
2006/2007Coupe UEFAPhase de groupesRapid Bucarest0-0
18%
2006/2007Coupe UEFAPhase de groupesHapoël Tel-Aviv2-4
17%
2002/2003Coupe UEFA2ème tourNational Bucarest2-0 et 1-0
17%
2001/2002Coupe Intertoto1/2La Gantoise0-0 et 7-1
15%
2006/2007Coupe UEFAPhase de groupesPanathinaïkos4-0
14%
1992/1993Coupe UEFA1/32PAOK2-0 et 3-0
12%
2000/2001Ligue des Champions1ère phase de groupesRosenborg1-3 et 7-2
10%
1997/1998Ligue des ChampionsPhase de groupesIFK Göteborg3-0 et 1-0
9%
2011/2012Ligue EuropaPhase de groupesRed Bull Salzbourg3-1 et 0-2
9%
1995/1996Coupe des coupes1/16Molde3-2 et 3-0
8%
2011/2012Ligue EuropaPhase de groupesSlovan Bratislava0-0 et 1-0
8%
2010/2011Ligue Europa1/16BATE Borissov2-2 et 0-0
6%
2002/2003Coupe UEFA1/16Boavista2-1 et 0-1
6%
1982/1983Coupe des coupes1/16Lokomotiv Sofia0-1 et 5-1
5%
1982/1983Coupe des coupes1/8Swansea1-0 et 2-0
5%
1984/1985Coupe UEFA1/16Videoton2-4 et 0-1
5%
1982/1983Coupe des coupes1/4Waterschei2-0 et 0-3
5%
2001/2002Coupe IntertotoFinaleBrescia0-0 et 1-1
4%
2011/2012Ligue EuropaBarragesDifferdange4-0 et 2-0
4%
1983/1984Coupe des coupes1/16Glentoran2-1 et 2-1
4%
2008/2009Coupe UEFAPhase de groupesRacing Santander2-2
4%
1996/1997Coupe des coupes1/16Vaduz4-0 et 3-0
4%
2006/2007Coupe UEFA1er tourDerry City0-0 et 2-0
3%
1984/1985Coupe UEFA1/32Heart of Midlothian4-0 et 2-2
3%
1989/1990Coupe UEFA1/32Lahti0-0 et 3-2
3%
1993/1994Coupe des coupes1/8Universitatea Craiova4-0 et 2-0
3%
1986/1987Coupe des champions1er tourVitkovice2-2 et 0-1
3%
2001/2002Coupe Intertoto2ème tourFC Jazz3-0 et 4-1
2%
2000/2001Ligue des Champions1ère phase de groupesHelsingborgs4-1 et 1-1
2%
2010/2011Ligue EuropaPhase de groupesKarpaty Lviv2-0 et 1-1
2%
2008/2009Coupe UEFA1re tourKayserispor0-0 et 2-1
2%
2006/2007Coupe UEFAPhase de groupesMlada Boleslav0-0
2%
1994/1995Ligue des ChampionsTour préliminaireVaci FC Samsung3-0 et 2-1
2%
2001/2002Coupe Intertoto3ème tourTavria Simferopol1-0 et 4-0
1%
2002/2003Coupe UEFA1er tourUjpest Budapest3-0 et 1-0
1%

Distribution des résultats

Percentile par nombre de réponses

% des personnes avec chaque résultat

Votre développement - résultats

Vous n’avez pas pris ce quiz